South America in 21 Seconds - Statistics

General Stats
  • This quiz has been taken 22 times
  • The average score is 9 of 12
Answer Stats
Answer % Correct
Peru
94%
Argentina
88%
Chile
88%
Ecuador
88%
Brazil
81%
Bolivia
75%
Uruguay
75%
Colombia
69%
Paraguay
69%
Venezuela
69%
Guyana
63%
Suriname
56%
No matching quizzes found
Score Distribution
Percent of People with Each Score
Percentile by Number Answered
Your Score History
You have not taken this quiz